| 000 | 00598nam a2200205 i 4500 | ||
|---|---|---|---|
| 001 | 112350 | ||
| 003 | ES-MaACL | ||
| 005 | 20251003063119.0 | ||
| 007 | t| | ||
| 008 | 061121s1959 sp r ||||1| cat d | ||
| 100 | 1 |
_aEspinalt, Carles M., _d1920-1993 _984412 |
|
| 245 | 1 | 0 |
_aEsperit de set-ciències / _cCarlos Muñoz Espianlt. |
| 260 |
_a[s.l.] : _bSagitari, _c1959. |
||
| 300 |
_a65 p. ; _c18 cm. |
||
| 490 | 1 | _aCollecció Assaig | |
| 650 | 4 |
_aIntelectuales. _913848 |
|
| 830 | 0 |
_aCollecció Assaig _9233121 |
|
| 852 |
_aES-MaACL _j2003-F-9 _bR.44067 |
||
| 999 |
_c112350 _d112350 |
||